000
00293nam a22001337a 4500
008
190305b xxu||||| |||| 00| 0 eng d
020
_a
0195097645
041
_a
eng
080
_2
2nd
_a
941
100
_a
18
101
_a
SHH
245
_a
American Legal History
_c
Hall,K.L
942
_2
udc
_c
BK
999
_c
54499
_d
54499